BIBLIOTHÈQUE DE LA MAISON DU MEXIQUE

Logo 1 Logo 2

Phénoménologie de l'expérience esthétique (notice nᵒ 11236)

détails MARC
000 -Sello discográfico
campo de control de longitud fija 00910nam a2200301 4500
005 - Identificación de versión
campo de control 20251016082354.0
035 ## - Otros números de control del sistema
Número de control del sistema 4199
099 ## - fechas locales
Tipo de ítem Koha LIBRO
100 ## - Datos de procesamiento general
Datos de procesamiento general 20040428d1953 m y1spay5003 ba
101 ## - Idioma del recurso
Idioma del texto, banda sonora, etc. Francés
105 ## - Campo de datos codificados: Material textual, monográfico
Datos codificados de monografía y 001zy
200 1# - Título y mención de responsabilidad
Título propio Phénoménologie de l'expérience esthétique
Designación general del material texto impreso
Primer mención de responsabilidad Mikel Dufrenne
205 ## - Declaración de edición
Declaración de edición 1a ed
210 ## - Publicación, distribución, etc.
Lugar de publicación, distribución, etc. Paris
Nombre del editor, distribuidor, etc. Presses Universitaires de France
Fecha de publicación, distribución, etc. 1953
215 ## - Descripción física
Designación de material específico y extensión del ítem 2 v
Dimensiones 18 cm
327 ## - Nota de contenidos
Texto de la nota v.1: L'objet esthétique. v.2: La perception esthétique
345 ## - Nota de información de adquisición
Fuente de adquisición/dirección de la suscripción [OBSOLETO] Donación
410 #1 - Series
Título Epiméthée. Essais philosophiques
606 ## - Término temático usado como materia
Elemento de entrada Estética
Número Koha 1918
700 ## - Nombre personal - Responsabilidad primaria
Elemento de entrada Dufrenne
Parte del nombre distinta del elemento de entrada Mikel
Número Koha 17866
801 #0 - Fuente de origen
Agencia cm
900 ## -
-- 1/7249
900 ## -
-- 7100419013\280404
942 ## - ELEMENTOS DE ENTRADA SECUNDARIOS (KOHA)
Tipo de ítem Koha Livre
996 ## -
-- MEX
-- 751145101
-- MMAG
-- 005031
-- 190 D863P V.1
-- 20210604LIV
996 ## -
-- MEX
-- 751145101
-- MMAG
-- 005032
-- 190 D863P V.2
-- 20210604LIV
Exemplaires
Estatus retirado Estado de daño Estado de pérdida Fecha de adquisición Biblioteca de origen Biblioteca actual Ubicación en estantería Código de barras Precio de reemplazo Signatura topográfica completa No para préstamo Tipo de ítem Koha Nota pública Nota no pública
      05/08/2025 Casa México Paris Casa México Paris   005031 05/08/2025 190 D863P V.1   Livre 20210604LIV 751145101
      05/08/2025 Casa México Paris Casa México Paris   005032 05/08/2025 190 D863P V.2   Livre 20210604LIV 751145101